000 00360nam a2200121Ia 4500
008 241028s9999 xx 000 0 und d
041 _aeng
082 _a658.408 CLA
100 _aWeston Clarke
245 _aCorporate Social Responsibility And Sustainability: From Values To Impact
260 _bMurphy & Moore Publishing
_aUSA
_c2023
300 _a238;. P. 28 cm
999 _c42935
_d42935